000 01355cam a2200325 a 4500
001 data
005 20260322212115.0
008 data
035 _a12633015
906 _a7
_bcbc
_corignew
_d2
_encip
_f20
_gy-gencatlg
925 0 _aacquire
_b2 shelf copies
_xpolicy default
955 _dlh06 2002-01-15
_elh44 2002-01-16 to Dewey
010 _a 00135503
020 _a0762409886
020 _a9780762409884
040 _aDLC
_cDLC
_dDLC
050 0 0 _aPR1309.A38
_bL53 2000
082 0 0 _a823/.08708
_221
245 0 0 _aLibrary of classic adventures.
246 3 0 _aClassic adventures
260 _aPhiladelphia :
_bCourage Books,
_cc2000.
300 _a1152 p. ;
_c22 cm.
336 _atext
_btxt
_2rdacontent
337 _aunmediated
_bn
_2rdamedia
338 _avolume
_bnc
_2rdacarrier
505 0 _aThe adventures of Tom Sawyer / by Mark Twain -- Treasure Island / by Robert Louis Stevenson -- Robinson Crusoe / by Daniel Defoe -- Gulliver's travels / by Jonathan Swift -- The red badge of courage / by Stephen Crane --The time machine / by H.G. Wells -- The invisible man / by H.G. Wells.
650 0 _aAdventure stories, English.
650 0 _aAdventure stories, American.
999 _c1727
_d1727